000 01733nam a2200433 i 4500
001 193561
003 ES-MaACL
005 20250825062648.0
007 ta
008 060515s1865 xxka || 001 e|fre|c
023 _a1111112957185
035 _a(ES-BaCBU).b12957185
035 _a(OCoLC)802616134
035 _a991012228089706706
040 _aES-BaCBU
_bcat
_cES-BaCBU
_dES-BaUB
_dEs-MaACL
100 1 _aJones, Owen,
_d1809-1874
_9128345
_eaut
245 1 0 _aGrammaire de l'ornement :
_billustrée d'exemples pris de divers styles d'ornement /
_cpar Owen Jones.
260 _aLondres :
_bBernard Quaritch ;
_aParis :
_bChez tous les Libraires,
_c1865
300 _a161 páginas, [112] hojas de láminas (color) :
_bilustraciones (color) ;
_cFol. (34 cm)
336 _2rdacontent
_aTexto
337 _2rdamedia
_asin mediación
338 _2rdacarrier
_avolumen
510 4 _aCCPB,
_c000314809-2
530 _aDisponible en formato digital
546 _aCada lámina encabezada en alemán, inglés y francés
597 _aAlgunas hojas de láminas repiten numeración.
599 _aLas hojas de láminas son litografías.
599 _aPortada con frontispicio litográfico.
599 _aIlustraciones intercaladas en el texto.
650 7 _aDecoración y ornamentación
_9146968
650 7 _aArtes decorativas
_2embne
_9135625
655 7 _aLibros ilustrados
_2tgfbne
_9193653
752 _aGran Bretaña
_dLondres
852 _aES-MaACL
_bR.M.4
_cSVI
_dOlim: 180C.3
_jD-4
_9162165
856 4 _uhttps://archive.org/details/bub_gb_mKxxFQAT36AC/mode/2up
_yVersión en línea
_z(Internet Archive)
942 _n0
_cMONOGRAFIA
999 _c193561
_d193561